Generator Puzzle #69 - Statistics

General Stats
  • This quiz has been taken 128 times
  • The average score is 14 of 21
Answer Stats
clue word % Correct
non-snowy precipitation rain
95%
of above-average height tall
91%
proof you weren't at the crime scene alibi
89%
what Italians used before the euro lira
84%
goes on a fisherman's hook bait
83%
what Eve was created from rib
82%
star sign libra
79%
path through countryside trail
79%
what courts host trial
78%
aeroplanes and raccoons both have one tail
77%
where a shopkeeper keeps their money till
72%
contains billions of neurons brain
67%
disallow ban
62%
every single one of a group all
61%
rave; talk wildly rant
57%
yellow-brown color tan
56%
TGV, Shinkansen, etc train
53%
Donald Trump, 3251 times so far liar
41%
small mountain lake tarn
40%
42,000 Iranian ones equal a US dollar rial
34%
9-letter word BRILLIANT
32%
No matching quizzes found
Score Distribution
Percent of People with Each Score
Percentile by Number Answered
Your Score History
You have not taken this quiz